00702 2200253 4500001002100000005001700021008004100038020002200079035002500101040001200126082001400138084002000152090002000172100001800192245005500210260003000265300003100295650003000326700002900356850001200385990001700397990001700414990001700431INLIS00000000000020120150428094209.0  a978-0-7946-0265-9 a0010-101400000000096 aYOPDYOG aQ 615.853 aQ 615.853 Cha U aQ 615.853 Cha U aCHAPMAN, Judy aUltimate spa :bAsias best spas and spa treatments aSingaporebPeriplusc2006 a253 hlm.b: ilus. ;c31 cm aMandi - Penggunaan terapi aTettoni, Luca Invernizzi aYOPDYOG a8377-PD/B.14 a8378-PD/B.14 a8379-PD/B.14